| 000 | 01246cam a22003614a 4500 | ||
|---|---|---|---|
| 001 | 12679608 | ||
| 003 | IT-RoPau | ||
| 005 | 20220918181313.0 | ||
| 008 | 020211s2001 it 000 0aita | ||
| 010 | _a 2002409193 | ||
| 020 | _a881786983X | ||
| 035 | _a(ItFiC)it0170477X | ||
| 040 |
_aDLC _cDLC _dDLC |
||
| 042 | _apcc | ||
| 043 | _ae-it--- | ||
| 050 | 0 | 0 |
_aPN5246.F35 _bA3 2001 |
| 082 | 0 | 0 |
_a070/.92 _aB _221 |
| 100 | 1 |
_aFallaci, Oriana. _935871 |
|
| 245 | 1 | 3 |
_aLa rabbia e l'orgoglio / _cOriana Fallaci. |
| 250 | _a1. ed. | ||
| 260 |
_aMilano : _bRizzoli, _c2001. |
||
| 300 |
_a162 p. ; _c21 cm. |
||
| 490 | 1 | _aOpere di Oriana Fallaci | |
| 505 | 0 | _aThe writer's first work for ten years, on themes linked to the events of September 11: America, Italy, Europe, Islam and ourselves, interspersed with personal memoirs. | |
| 600 | 1 | 0 |
_aFallaci, Oriana. _935871 |
| 650 | 0 |
_aJournalists _zItaly _vBiography. _935872 |
|
| 650 | 0 |
_aSeptember 11 Terrorist Attacks, 2001. _935873 |
|
| 650 | 0 |
_aWorld politics _y1995-2005. _935874 |
|
| 800 | 1 |
_aFallaci, Oriana. _tWorks. _f1998. _935875 |
|
| 906 |
_a7 _bcbc _corigres _d3 _encip _f20 _gy-gencatlg |
||
| 942 |
_2ddc _cBK |
||
| 999 |
_c108696 _d108696 |
||